• 首页
  • 本馆介绍
  • 公告通知
  • 最新文献
  • 馆藏检索
  • 电子资源
  • 读者导购
  • 参考咨询
  • 我的图书馆
  • 登录
  • 详细信息显示
  • 放入我的书架
  • 预约/预借图书
  • 作者相关作品
  • 分类相关作品
  • 丛书相关作品
  • 出版社相关作品

书目信息

  • 表格格式
  • 工作单格式
  • 卡片格式
题名:
葛剑雄演讲录
    
 
作者: 葛剑雄 著
分册:  
出版信息: 太原   山西古籍出版社  2007
页数: 281页
开本: 24cm
丛书名:
单 册:
中图分类: K901.9-53
科图分类:
主题词: 社会科学--文集 , 地理 , 地理
电子资源:
ISBN: 978-7-80598-785-9
000 00823nam0 2200253 450
001 1251456194
005 20121012141932.21
010    @a978-7-80598-785-9@dCNY45.00
100    @a20071022d2007 em y0chiy50 ea
101 0  @achi
102    @aCN@b140000
105    @aa z 000yy
106    @ar
200 1  @a葛剑雄演讲录@f葛剑雄著@Age jian xiong yan jiang lu
210    @a太原@c山西古籍出版社@d2007
215    @a281页@c彩照,彩图@d24cm
330    @a本书汇编上海复旦大学教授葛建雄在全国各地作的有关历史地理科学方面的演讲稿数篇,他的演讲深受广大群众尤其是大学生的喜爱。
606 0  @a社会科学@j文集
606 0  @a地理
606 0  @a地理
690    @aK901.9-53@v4
701  0 @a葛剑雄@f(1945.12~)@4著@Age jian xiong
801  0 @aCN@b大连网信软件有限公司图书馆·11@c20121012
905    @a10447@dK901.9-53@eJY6
    
    葛剑雄演讲录/葛剑雄著.-太原:山西古籍出版社,2007
    281页:彩照,彩图;24cm
    
    
    ISBN 978-7-80598-785-9:CNY45.00
    本书汇编上海复旦大学教授葛建雄在全国各地作的有关历史地理科学方面的演讲稿数篇,他的演讲深受广大群众尤其是大学生的喜爱。
●
相关链接 在E读中查询图书 在五车中查询图书 在当当中查询图书 在豆瓣中查询图书


正题名:葛剑雄演讲录     索取号:K901.9-53/JY6         预约/预借

序号 登录号 条形码 馆藏地/架位号 状态 备注
1 7825652   278256520   学院路分馆/ [索取号:K901.9-53/JY6] 在馆    
2 7825653   278256539   学院路分馆/ [索取号:K901.9-53/JY6] 在馆    
唐山师范学院图书馆 欢迎您!
大连网信软件有限公司© 版权所有